| 000 | 00805nam a2200265u 4500 | ||
|---|---|---|---|
| 001 | 28451 | ||
| 003 | BD-RjUL | ||
| 005 | 20211209051302.0 | ||
| 008 | 140330r19631955pk b 001 0beng d | ||
| 035 | _a(BD-RjUL)28532 | ||
| 040 |
_aDLC _cCarP _dDLC _dBD-RjUL _beng |
||
| 041 | _aeng | ||
| 082 | 0 | 0 |
_a110 _bENM 1963 |
| 100 | 1 |
_aEnver, Ishrat Hasan. _953419 |
|
| 245 | 1 | 4 |
_aThe metaphysics of Iqbal / _cIshrat Hasan Enver ; Hassan, Syed Zafarul |
| 250 | _aRev. ed. | ||
| 260 |
_aLahore : _bMuhammad Ashraf, _c1955 [Reprinted 1963]. |
||
| 300 |
_axii, 105 p. ; _c21 cm. |
||
| 504 | _aIncludes bibliographical references and index. | ||
| 600 | 1 | 0 |
_aIqbal, Muhammad, _cSir, _d1877-1938. _989225 |
| 700 |
_aHassan, Syed Zafarul _989226 |
||
| 942 |
_2ddc _cBK |
||
| 999 |
_c28451 _d28451 |
||